000
00319nam a22001337a 4500
008
170424b xxu||||| |||| 00| 0 eng d
020
_a
0805396519
041
_a
eng
080
_a
547
100
_a
12
101
_a
SHM
245
_a
INTRODUCTION TO ORGANIC AND BIOLOGICAL CHEMISTRY
_c
WILBRAHAM, A.C
942
_2
udc
_c
BK
999
_c
11615
_d
11615